000 00266nam a2200109Ia 4500
008 200302s9999 xx 000 0 und d
100 _aNick Dunn
245 _aDigital Fabrication in Architecture
260 _bLaurence King Publishing
260 _c2012
300 _a192
999 _c3371
_d3371